Efectos sociales de la globalización: petróleo banano y flores en Ecuador /
El libro consiste en un compendio de artículos acerca de los efectos sociales del modelo exportador, asociado en las últimas dos décadas con la ascendencia del neoliberalismo económico y los procesos de globalización, abarcando el doble impacto de la internalización actual, que crea trabajadores más...
Gespeichert in:
| 1. Verfasser: | |
|---|---|
| Körperschaft: | |
| Weitere Verfasser: | , , , , |
| Format: | Unbekannt |
| Veröffentlicht: |
Ecuador:
Ediciones Abya-Yala
2004
|
| Tags: |
Tag hinzufügen
Keine Tags, Fügen Sie den ersten Tag hinzu!
|
MARC
| LEADER | 00000 a2200000 04500 | ||
|---|---|---|---|
| 001 | 45155 | ||
| 003 | cru CIDCACS/IIS | ||
| 005 | 20230613141819.0 | ||
| 008 | 991231e2004 ec d | ||
| 020 | |a 9978-22-443-2 | ||
| 040 | |c cru IIS | ||
| 090 | |a 01.02.01 K84e | ||
| 100 | |a Korovkin, Tanya, Compiladora | ||
| 110 | |a Centro de Investigación d elos Movimientos Sociales del Ecuador | ||
| 245 | |a Efectos sociales de la globalización: petróleo banano y flores en Ecuador / |c Raúnl Harari, Tanya Korovvkin; Carlos Larrea Maldonado; et.al | ||
| 260 | |a Ecuador: |b Ediciones Abya-Yala |c 2004 | ||
| 300 | |a 234 páginas; Cuadros; Gráficos | ||
| 520 | |a El libro consiste en un compendio de artículos acerca de los efectos sociales del modelo exportador, asociado en las últimas dos décadas con la ascendencia del neoliberalismo económico y los procesos de globalización, abarcando el doble impacto de la internalización actual, que crea trabajadores más indefensos que en el pasado. | ||
| 700 | |a Harari, Raúl | ||
| 700 | |a Korovkin, Tanya | ||
| 700 | |a Larrea Maldonado, Carlos | ||
| 700 | |a Martínez Valle, Luciano | ||
| 700 | |a Ortíz Tirado, Pablo | ||
| 942 | |2 ddc |c LI | ||
| 999 | |c 16325 |d 16325 | ||



